MARC

LEADER 00000ngm^a2200000^a^4500
001 000171250
005 20250521000000.0
009 20260526125655.414
020 |a 0-7831-1841-4 
037 |a Acervo ITESO - Biblioteca 
041 |a ING 
082 |a 810.  |b NIC 
100 |a Nichols, Mike  |e (realización) 
240 1 1 |a [Ganas de vivir] 
245 1 0 |a Agudeza =  |b Wit /  |c Realización de M. Nichols. 
246 2 |a Título en México: Ganas de vivir [DVD] 
246 2 |a Título en la cubierta: Wit 
264 4 |a EUA :  |b HBO,  |c 2001, c2001 
264 2 |a EUA :  |b HBO [distribución],  |c 2001, c2001 
300 |a 1 DVD región 1  |c (99 min.) 
336 |a imagen móvil bidimensional  |b tdi  |2 rdacontenido 
337 |a video  |b v  |2 rdamedio 
338 |a videodisco  |b vd  |2 rdasoporte 
500 |a Basado en: Wit, de Margaret Edson 
546 |a En inglés, con subtítulos opcionales: español, francés, inglés 
546 |a Doblaje opcional: español 
649 |a XX 
650 |a Enfermos Terminales en el Cine 
650 |a Profesores en el Cine 
650 |a Educadores en el Cine 
650 |a Dramas Cinematográficos 
650 |a Telefilmes 
650 |a Cine por Televisión -  |z EUA 
650 |a Cine Norteamericano -  |y 2000-2009 
650 |a Cine Norteamericano -  |y Siglo XXI 
650 |a Teatro Norteamericano -  |x Adaptaciones para Cine 
650 |a Literatura Norteamericana -  |y Siglo XX -  |x Adaptaciones para Cine 
650 |a Literatura y Cine 
650 |a Cáncer Cérvico-Uterino -  |x Tratamiento 
650 |a Enfermedades -  |x Tratamiento 
650 |a Muerte 
650 |a Vida 
650 |a Inteligencia 
650 |a Educación Sentimental 
650 |a Memoria y Olvido 
650 |a Memoria 
650 |a Relación Médico-Paciente 
650 |a Quimioterapia 
650 |a Medicina Experimental 
700 |a Thompson, Emma  |e (guión) 
700 |a Nichols, Mike  |e (guión) 
700 |a McGarvey, Seamus  |e (fotógrafo) 
700 |a Roth, Ann  |e (vestuario) 
700 |a Bloom, John  |e (montaje) 
700 |a Thompson, Emma  |e (actuación) 
700 |a Lloyd, Christopher  |e (actuación) 
700 |a Atkins, Eileen  |e (actuación) 
910 |a Fondo General 
920 |a Audiovisuales - DVDs 
940 |a Películas 
905 |a 302 
901 |a 0500088354  |b IT2  |c DVS  |u 20250521 
901 |a 0500157208  |b IT2  |c DVS  |u 20250521 
902 |a https://opac.biblio.iteso.mx/vufind/Record/000171250